ბათუმის შოთა რუსთაველის სახელმწიფო უნივერსიტეტის ბიბლიოთეკა

თამარ მეფე ქართულ ფოლკლორში (ბიბ.ჩანაწერი № 43059)

000 -LEADER
fixed length control field 00897nam a2200253Ia 4500
001 - CONTROL NUMBER
control field 9779
003 - CONTROL NUMBER IDENTIFIER
control field GE_BSU
008 - FIXED-LENGTH DATA ELEMENTS--GENERAL INFORMATION
fixed length control field 181216s||||||||xx |||||||||||||| ||und||
020 ## - INTERNATIONAL STANDARD BOOK NUMBER
International Standard Book Number 9789941039980
040 ## - CATALOGING SOURCE
Transcribing agency GE_BSU
080 ## - UNIVERSAL DECIMAL CLASSIFICATION NUMBER
Universal Decimal Classification number 821.353.1.09-91+392(479.22)
100 ## - MAIN ENTRY--PERSONAL NAME
Personal name შიოშვილი,თინა
245 ## - TITLE STATEMENT
Title თამარ მეფე ქართულ ფოლკლორში
245 ## - TITLE STATEMENT
Remainder of title მონოგრაფია
245 ## - TITLE STATEMENT
Statement of responsibility, etc. რედ.მამია ფაღავა.მხატვ.ზ.ხაბაძე
260 ## - PUBLICATION, DISTRIBUTION, ETC.
Place of publication, distribution, etc. თბილისი
260 ## - PUBLICATION, DISTRIBUTION, ETC.
Name of publisher, distributor, etc. ლამპარი
260 ## - PUBLICATION, DISTRIBUTION, ETC.
Date of publication, distribution, etc. 2014
300 ## - PHYSICAL DESCRIPTION
Extent 232გვ.20სმ.
520 ## - SUMMARY, ETC.
Summary, etc. რეზ.რუს.და ინგლ.ენაზე
653 ## - INDEX TERM--UNCONTROLLED
Uncontrolled term თამარ მეფე ქართულ ფოლკლორში
653 ## - INDEX TERM--UNCONTROLLED
Uncontrolled term მონოგრაფია
942 ## - ADDED ENTRY ELEMENTS (KOHA)
Koha item type წიგნი
ეგზემპლარები
Withdrawn status Lost status Damaged status Not for loan Date acquired Barcode Date last seen Price effective from Koha item type
        2018-12-17 32448 2018-12-17 2018-12-17 წიგნი